Tintin, Hergé et la Suisse - Statistiques

Statistiques générales
  • Ce quiz a été pris 99 fois
  • Le résultat moyen est 12 sur 18
Statistiques - réponses
Questions Réponses % Correct
Ville suisse où se trouvait le siège de cette organisation et où plus tard le Professeur Tournesol devait assister à un congrès de physique nucléaire. Genève
98%
Grand lac suisse dont les bords sont soigneusement reproduits dans "L'Affaire Tournesol". Le Lac Léman
95%
Personnages qui arrivent en Suisse dans un costume traditionnel helvète. Dupond
90%
Personnages qui arrivent en Suisse dans un costume traditionnel helvète. Dupont
89%
Organisation internationale, ancêtre de l'O.N.U. qui avait son siège en Suisse. Une scène de satire politique dans "Le Lotus bleu" se situait au siège de cette organisation. La Société des Nations
84%
Ville de Suisse où Hergé consulta le Dr Franz Riklin, psychanalyste disciple de Carl Gustav Jung, qui l'encouragea à "tuer en vous le démon de la pureté", ce qui était un "renversement complet de mon système de valeurs". Zurich
76%
Ville de Suisse bilingue français-allemand, capitale du canton éponyme, traversée par la Sarine. M. Paul Cantonneau, membre de l'expédition du Pr Calys dans "L'Étoile mystérieuse" est professeur à l'université de cette ville. Fribourg
71%
Sommet de Suisse en forme de triangle dominant Zermatt. Il est également le nom d'un bateau dont se sert Mitsuhirato pour acheminer de l'opium vers l'Europe. Le Cervin
71%
Ville suisse du canton de Vaud, surnommée "La Coquette". Depuis la ville précédente, Tournesol a pris le train pour cette ville-là. Nyon
71%
Mouvement de jeunesse au sein duquel Hergé fit son premier voyage à l'étranger à environ quinze ans, en 1922, en Suisse. Les scouts
69%
Bandit qui veut lui dérober cette fortune et le forcer à lui révéler son numéro de compte dans cette banque suisse. Roberto Rastapopoulos
69%
Physicien, aéronaute et océanaute suisse dont le nom reste attaché à l'exploration de la verticalité par des moyens hydrostatiques : le ballon à hydrogène pour la stratosphère et le bathyscaphe pour les fosses marines. Hergé s'est inspiré de lui pour créer le personnage de Tryphon Tournesol. Auguste Piccard
66%
Milliardaire qui possède deux millions de dollars dans une banque suisse, sous une fausse identité. Laszlo Carreidas
55%
Personnage scientifique que Tournesol devait rencontrer chez lui en Suisse. Alfredo Topolino
52%
Albums dans lesquels réapparaît le Professeur Cantonneau après "L'Étoile mystérieuse". Les Sept Boules de cristal
52%
Albums dans lesquels réapparaît le Professeur Cantonneau après "L'Étoile mystérieuse". Le Temple du Soleil
42%
Personnage qui est en contact radio avec le Capitaine Haddock lorsque ce dernier avec Tintin poursuivent des bandits sur le lac précédent, à bord d'un hélicoptère. Séraphin Lampion
42%
Hebdomadaire chrétien dans lequel Tintin apparaît pour la première fois en Suisse en 1932. Dans "L'affaire Tournesol", Haddock porte un exemplaire sous son bras (nom actuel ou nom de l'époque acceptés). L'Écho illustré - L'Echo Magazine
18%
Aucun quiz correspondant
Distribution des résultats
% des personnes avec chaque résultat
Percentile par nombre de réponses
Votre historique - résultats
Vous n’avez pas pris ce quiz